000 00798nam a22002057a 4500
005 2009011207467.0
008 090112c xxu||||| |||| 00| 0 eng d
022 _a0974-1070
040 _adpl
082 _a005
245 _aBenefit
_ba business minded computer magazine
_cedited by Rahul Chopra
260 _aNew Delhi
_bEFY enterprises
_c2005
300 _av.
_c26 cm (Pbk)
310 _amonthly
650 _aComputer
942 _2ddc
_cSR
_h005
_mBEN
_s1
999 _c20839
_d20839